| 000 | 00567nam a2200241Ia 4500 | ||
|---|---|---|---|
| 003 | OSt | ||
| 005 | 20220912152244.0 | ||
| 006 | a|||||r|||| 00| 0 | ||
| 007 | ta | ||
| 008 | 220909b |||||||| |||| 00| 0 eng d | ||
| 024 | _a56010 | ||
| 037 | _cTextual | ||
| 040 |
_aCSL _beng _cCSL |
||
| 041 | _aeng | ||
| 082 | _aJ:1:u, J3 | ||
| 100 | _aStephens C G | ||
| 245 | 0 | _aSopil surveys for land development | |
| 260 | _c1993 | ||
| 300 |
_ap. _ccm. |
||
| 650 | _aAgriculture | ||
| 942 |
_hJ:1:u, J3 _cTEXL _2CC |
||
| 999 |
_c82940 _d82940 |
||